Czteroliterowe nazwy państw - Statystyki

Ogólne statystyki
  • Ten quiz został rozwiązany 55 020 razy
  • Średni wynik to 6 z 10
Statystyki odpowiedzi
Kontynent Państwo % Poprawnych
Ameryka Południowa Peru
81%
Ameryka Północna Kuba
73%
Azja Irak
69%
Azja Iran
69%
Azja Oman
67%
Afryka Czad
65%
Azja Laos
57%
Afryka Mali
56%
Afryka Togo
55%
Azja Cypr
41%
Nie znaleziono quizów pasujących do podanych kryteriów
Rozkład punktacji
Procent ludzi z każdym wynikiem
Percentyl według liczby udzielonych odpowiedzi
Twoja historia wyników
Nie rozwiązałeś tego quizu